000 01214cam a2200325 a 4500
001 000009633
005 20200929161641.0
008 850904s1983 sp a b 001 0 spa
020 _a8486031257
040 _aDO-SdBNP
_bspa
_cLC
_dBNPHU
082 _a862.62
_bM433e
100 1 _aMatilla, Luis.
_924489
245 1 0 _aEjercicios para equilibristas /
_cLuis Matilla ; edición Cesar Oliva ; colaboración Francisca Bernal [et al.].
260 _aMurcia :
_bCatedra de Teatro,
_c1983.
300 _a175 p. :
_bil. ;
_c22 cm.
490 4 _aLos Trabajos de la Catedra de Teatro, Universidad de Murcia
_v1
504 _aBibliografía: p. 63-70.
600 1 0 _aMatilla, Luis
_xCRÍTICA E INTERPRETACIÓN
_924490
650 4 _aTeatro español
_93071
650 4 _aLiteratura española
_9632
700 1 _aOliva, César,
_eed.
_924491
700 1 _aBernal, Francisca.
_924492
700 1 _aLópez Peláez, Roberto.
_924493
700 1 _aOps, Andrés.
_924494
700 1 _aValdivieso, L. Teresa.
_93402
740 0 _aEjercicios para equilibristas de Luis Matilla.
830 4 _aLos Trabajos de la Catedra de Teatro, Universidad de Murcia,
_v1
_924495
910 _aCatalogación por copia / LC
049 _aBNGR
_bLOC
999 _c9393
_d9393